000 00509nam a2200205Ia 4500
003 STCL
008 230726s9999 xx 000 0 und d
020 _a9789332518377
040 _aSTCL
_cSTCL
_bEN
082 _222
100 _aClow, Kenneth E
245 0 _aIntegrated advertising promotion and marketing communications
250 _a6
260 _bPearson Education
_aNoida
_c2014
300 _a455 p
365 _b890
546 _aEnglish
700 _aBaack, Donald E
942 _2DDC
_e22
_cBKDDC
999 _c89023
_d89023